000 01094nam a22003497a 4500
003 CHAP
005 20220329134345.0
008 971013s1973 sp a r 00010 spa d
010 _a19288
011 _a20260
020 _a8430782680
035 _a24348
040 _cCHAP
082 _a580.3
_bD5Y
245 0 _aDiccionario de botánica
260 _aBarcelona :
_bTeide,
_c1973
300 _a256 p.
_b: ilus.
490 _aDiccionarios-Atlas
590 _aBATCH-UPD
_b10
_c20130110
_lUCH01
_h0229
590 _aBATCH-UPD
_b10
_c20130110
_lUCH01
_h1627
590 _aBATCH-UPD
_b10
_c20130409
_lUCH01
_h2252
590 _aBATCH-UPD
_b10
_c20130914
_lUCH01
_h0729
590 _aCONVERSION
_b10
_c20130109
_lUCH01
_h1312
650 1 4 _aBotánica
_xDiccionarios.
_914530
700 0 _aTosco, Uberto.
_9114344
830 0 _aDiccionarios-Atlas
_932450
901 _aBK
942 _cLIBRO
949 _a580.3 D5Y
_bBC
_cC
_d-56137
_eC
_h45087
_i24348
_si
949 _a580.3 D5Y
_bBC
_cC
_d-56138
_eC
_fc.2
_h51997
_i24348
_si
949 _a580.3 D5Y
_bBC
_cC
_d33724002248579
_eC
_fc.3
_gDonaciØn
_h114965
_i24348
_sb
999 _c19288
_d19288